000 01129nam a22002777a 4500
999 _c117727
_d117727
003 dpl
005 20190225134232.0
008 190225b ||||| |||| 00| 0 eng d
010 _aB-069502
020 _c200.00
_a8187963069
035 _aB-069502, B-069504
037 _bCen Lib/Ret
040 _aDPL
_bHN
_c0
082 _a
_bकौशिक
100 _aकौशिक, विमला
_976543
245 _aपौराणिक कथाएँ :
_cविमला कौशिक
_bगणेश चरित /
246 _aPauranik kathaye : ganesh charit /
_bby Vimal Kaushik
260 _aदिल्ली
_bवरुण प्रकाशन
_c2001
270 _a28/64, गली नं. 15, विश्वास नगर
_bदिल्ली
_e110032
300 _a176पृ.
_c21सेमी (सजिल्द)
650 _aसाहित्य--लघु कथाएँ
_95234
650 _a हिन्दी लघु कथाएँ
_945972
650 _aLiterature--Short Stories
_976544
650 _aHindi Short Stories
_929625
942 _2ddc
_cHN
_h
_mकौशिक